000 00709cam a22002174a 4500
001 14399947
005 20180223073839.0
008 060605s2007 nyua 001 0 eng
010 _a 2006018688
020 _a1418016462
040 _aDLC
_cDLC
_dDLC
041 _aeng
080 _a647.9501
082 0 0 _a647.9501 STR
_222
100 1 _a56
101 _aMAT
245 1 0 _aMath principles for food service occupations /
_cAnthony J. Strianese, Pamela P. Strianese.
906 _a7
_bcbc
_corignew
_d1
_eecip
_f20
_gy-gencatlg
942 _2ddc
_cBK
999 _c43267
_d43267